La organización del currículum por proyectos de trabajo
Guardat en:
| Autors principals: | , |
|---|---|
| Format: | Llibre |
| Idioma: | espanyol |
| Publicat: |
Barcelona
Grao
1992
|
| Col·lecció: | Materiales para la innovación educativa, 6
|
| Matèries: | |
| Etiquetes: |
Afegir etiqueta
Sense etiquetes, Sigues el primer a etiquetar aquest registre!
|
MARC
| LEADER | 00000nam a2200000 a 4500 | ||
|---|---|---|---|
| 001 | UCT9031 | ||
| 003 | CL-VaPUC | ||
| 008 | 970404e19920000SP |||||||||||||||||spa|d | ||
| 082 | 0 | 4 | |a 375.001 |b HER |2 21 |
| 100 | |a Hernández-Hernández, Fernando |9 814247 | ||
| 700 | 0 | |a Ventura, Monserrat |e author |9 381394 | |
| 245 | 1 | 3 | |a La organización del currículum por proyectos de trabajo |
| 300 | |a 179 p | ||
| 942 | |c BK | ||
| 945 | |d 19970404 00:00:00 |a amoreno | ||
| 260 | |a Barcelona |b Grao |c 1992 | ||
| 650 | 0 | |a Currículo |9 307290 | |
| 650 | 0 | |a Filosofía de la educación |9 258384 | |
| 650 | 0 | |a Escuelas |9 308582 | |
| 583 | |a last modification |c 19970404 00:00:00 |k Rodrigo Vera | ||
| 490 | 0 | |a Materiales para la innovación educativa, 6 | |
| 999 | |c 257490 |d 257488 | ||
| 952 | |0 0 |1 0 |4 0 |6 375_001000000000000_HER_1992 |7 0 |8 A |9 280982 |a BIBEDU |b BIBEDU |d 2019-11-19 |i 3298957 |o 375.001 HER 1992 |p 3298957 |r 2019-11-19 |w 2019-11-19 |y BK |k EDU | ||
| 952 | |0 0 |1 0 |4 0 |6 375_001000000000000_HER_1992 |7 0 |8 A |9 280983 |a BIBEDU |b BIBEDU |d 2019-11-19 |i 3298841 |o 375.001 HER 1992 |p 3298841 |r 2019-11-19 |w 2019-11-19 |y BK |k EPE | ||
| 952 | |0 0 |1 0 |4 0 |6 375_001000000000000_HER_1992 |7 0 |8 A |9 280984 |a BIBEDU |b BIBEDU |d 2019-11-19 |i 3313468 |o 375.001 HER 1992 |p 3313468 |r 2019-11-19 |w 2019-11-19 |y BK |k EDU | ||